LIBRARY ONLINE CATALOGUE

Auditing in a computerised environment / (Record no. 5843)

MARC details
000 -LEADER
fixed length control field 00744nam a22002172 4500
001 - CONTROL NUMBER
control field 0000002410
005 - DATE AND TIME OF LATEST TRANSACTION
control field 20151217151853.0
008 - FIXED-LENGTH DATA ELEMENTS--GENERAL INFORMATION
fixed length control field 070410s xx 000 0 eng d
020 ## - INTERNATIONAL STANDARD BOOK NUMBER
International Standard Book Number 007043624X :
Terms of availability KES 1,700
040 ## - CATALOGING SOURCE
Original cataloging agency KABU
Transcribing agency KABU
050 #0 - LIBRARY OF CONGRESS CALL NUMBER
Classification number HF5667.12
Item number .B43 2002
100 1# - MAIN ENTRY--PERSONAL NAME
Personal name Bhatia, Mohan.
-- 0000151762
245 10 - TITLE STATEMENT
Title Auditing in a computerised environment /
Statement of responsibility, etc. Mohan Bhatia.
260 ## - PUBLICATION, DISTRIBUTION, ETC. (IMPRINT)
Place of publication, distribution, etc. New Delhi :
Name of publisher, distributor, etc. Tata McGraw-Hill,
Date of publication, distribution, etc. c2002.
300 ## - PHYSICAL DESCRIPTION
Extent xvi, 654 p. ;
Dimensions 24 cm. +
Accompanying material 1 computer laser optical disc (43/4 in.)
650 #0 - SUBJECT ADDED ENTRY--TOPICAL TERM
Topical term or geographic name as entry element Auditing
General subdivision Data processing.
-- 0000151763
908 ## - PUT COMMAND PARAMETER (RLIN)
Put command parameter 070410
950 ## - LOCAL HOLDINGS (RLIN)
-- 1
Holdings
Withdrawn status Lost status Source of classification or shelving scheme Not for loan Home library Current library Date acquired Total Checkouts Full call number Barcode Date last seen Price effective from Koha item type
    Library of Congress Classification   Kabarak, Main Campus Kabarak, Main Campus 17/12/2015   HF5667.12 .B43 2002 003380 17/12/2015 17/12/2015 General Collection
    Library of Congress Classification   Kabarak, Main Campus Kabarak, Main Campus 17/12/2015   HF5667.12 .B43 2002 003381 17/12/2015 17/12/2015 General Collection